000 00460nam a2200145Ia 4500
008 230917s9999||||xx |||||||||||||| ||und||
040 _e175873
_aMAIN
041 _aEnglish
082 _a891.49150301741 DR536S
100 _aधनखड़, राजबीर सिंह
245 0 _aसरपंचणी
260 _aरोहतक
_bलक्ष्मण साहित्य प्रकाशन
_c1998
300 _a102 पृ. p.
942 _cHN
999 _c121403
_d121403